Rappeurs issus d'Atlanta - Statistiques

Statistiques générales
  • Ce quiz a été pris 67 fois
  • Le résultat moyen est 8 sur 30
Statistiques - réponses
Réponse % Correct
Young thug
80%
Future
76%
Lil Baby
74%
Migos
69%
21 savage
61%
Gunna
61%
Gucci mane
57%
Playboi Carti
54%
T.I
30%
Young Nudy
28%
Andre 3000
24%
Ludacris
20%
Lil Yachty
19%
Destroy Lonely
17%
Metro Boomin
17%
Lil Keed
15%
Rich Homie Quan
11%
Lil Gotit
7%
J.I.D
6%
Killer Mike
6%
Lil Jon
6%
Uno The Activist
6%
SahBabii
4%
Lil Gnar
2%
Money man
2%
Soulja Boy
2%
Wacka Flocka Flame
2%
YFN Lucci
2%
$ofaygo
0%
Yung Bans
0%
Aucun quiz correspondant
Distribution des résultats
% des personnes avec chaque résultat
Percentile par nombre de réponses
Votre historique - résultats
Vous n’avez pas pris ce quiz